000 00259nam a2200121Ia 4500
008 190216s9999||||xx |||||||||||||| ||und||
100 _aKamala Govind
245 0 _aRamyakam
260 _bC I C C Book House
300 _a305
650 _aNovel
942 _cBK
999 _c27594
_d27594